02257nam a2200397 a 450000100100000000500170001000800410002702000240006802000240009204000250011608200110014110000290015224501690018125000120035026000400036230000330040249000260043550000650046150501010052659000260062770000240065370000340067770000330071171000570074483000330080195201140083495201140094895201140106295201080117695201140128495201080139895201140150695201080162095201140172899900170184200004720620201002053439.0180417s2017 dr abc 000 0 spa d a9789945195392 (v.1) a9789945194913 (v.2) aDO-SdBNPbspacBNPHU axxbxx1 aCapellán, Fanny92925010aCiencias sociales 6 :beducación primaria /ctexto Fanny Capellán, Eris Castro ; ilustración Ruddy Núñez... [et.al]; dirección editorial Claudia Llibre. a2a. ed. aSanto Domingo :bSantillana,c2017. av. :bil. ;c29 cm.+eCD-ROM1 aProyecto todos juntos aActualización según el nuevo diseño curricular oficial0 av.1 :tLibro de textogv. 2:tGuía de recursos didácticos Segundo ciclo educación primaria aInventariado, 2018/VM1 aCastro, Eric9647371 aNúñez, Ruddyeils.9231711 aLlibre, Claudiaedir.9304622 aEditorial Santillana (República Dominicana)97490200aProyecto todos juntos930856 0010718PDaGRbGRcHDd2018-04-24iLF1l0ov. 1, e. 3p47206-30r2020-06-25w2020-06-25yLFPDZNo se presta 0010718PDaGRbGRcHDd2018-11-28iLF1l0ov. 3, e. 3p47206-40r2020-06-25w2020-06-25yLFPDZNo se presta 0010718PDaGRbGRcHDd2018-11-28iLF1l0ov. 2, e. 3p47206-90r2020-06-25w2020-06-25yLFPDZNo se presta 0010718PDaPDbPDcHDd2018-04-24iLF1l0ov. 1p47206-10r2020-06-25w2020-06-25yLFPDZNo se presta 0010718PDaPDbPDcHDd2018-04-24iLF1l0ov. 1, e. 2p47206-20r2020-06-25w2020-06-25yLFPDZNo se presta 0010718PDaPDbPDcHDd2018-11-28iLF1l0ov. 3p47206-50r2020-06-25w2020-06-25yLFPDZNo se presta 0010718PDaPDbPDcHDd2018-11-28iLF1l0ov. 3, e. 2p47206-60r2020-06-25w2020-06-25yLFPDZNo se presta 0010718PDaPDbPDcHDd2018-11-28iLF1l0ov. 2p47206-70r2020-06-25w2020-06-25yLFPDZNo se presta 0010718PDaPDbPDcHDd2018-11-28iLF1l0ov. 2, e. 2p47206-80r2020-06-25w2020-06-25yLFPDZNo se presta c46694d46694